00517 a2200157 450000500170000001000150001702000300003203500140006203700130007608200110008910000210010024500700012126000610019127000850025230000220033720211221145500.0 aENG-130456 a978-93-89691-94-8c298.00 aEN-113988 bDBAD/PUB a530b1 aMalhotra, Stalin aMastering Numericals and Objectives and Physics:cStalin Malhotra aTamill NadubMcGraw Hill Education Private Limitedc2021 a444/1, Sri Ekambara Naicker Industrial Estate, Alapakkam, PorurbChennaie600116 a448p.c24cm (pbk)